Normal view
MARC view
- Aristizábal de Baena, Nora
Entry Nombre Personal
001 - NUMERO DE CONTROL
- campo de control: 36771
003 - IDENTIFICADOR DE NUMERO DE CONTROL
- campo de control: UPN
005 - FECHA Y HORA DE LA ÜLTIMA TRANSACCIÓN
- campo de control: 20210219194517.0
008 - DATOS DE LONGITUD FIJA
- campo de control de longitud fija: nabaccnnaabn|||||||||| b |nc|||||d
035 ## - NUMERO DE CONTROL
- Número de control: UPN11000008878
040 ## - FUENTE DE CATALOGACIÓN
- Lenguaje de catalogación: SPA
- Agencia de transcripción: UPN
100 1# - ENCABEZAMIENTO - NOMBRE PERSONAL
- Nombre personal: Aristizábal de Baena, Nora
670 ## - FUENTE EN LA QUE SE LOCALIZARON DATOS
- Cita de la fuente: T
- Uniform Resource Identifier: http://www.panamericana.com.co/autor/autor.aspx?p=RvPmcN1gmXu8FBQM84w8YvovTCXrKQct
680 ## - NOTA PUBLICA DE ACCESO PÚBLICO
- Frase explicativa de la referencia: Nació en Estados Unidos, pero ha vivido en Colombia la mayor parte de su vida. Estudió arquitectura, y se dedicó al diseño arquitectónico. Sin embargo, desde 1999 ha estado trabajando en literatura infantil
902 ## - CATALOGADOR
- Catalogador: MCM/270315
